000 00322nam a22001457a 4500
020 _a81-7690-018-4
082 _a894.812.6
_bPRE/N
100 _aPREMNATH, VETTIYAR
245 _aNADAN PATTUKAL
260 _aTHRISSUR
_bKERALA SAHITHYA ACADEMY
_c2000
300 _a95
520 _aPOETRY
650 _aPOETRY
942 _cBK
999 _c4141
_d4141